000 00752nam a22002417a 4500
005 20170124105952.0
010 _aA-249832
020 _c45.00
035 _aA-249832
037 _bCen Lib/Ret
040 _aDPL
_bEN
082 _a338.954
_bDAT
100 _aDatt, Ruddar
_990176
245 _aDevelopment issues of the indian economy /
_cby Ruddar Dutta [and] K.P.M. Sundharam
260 _aNew Delhi
_bSultan Chand and Sons
_c1985
270 _bNew Delhi
_aRam Nagar
_e110055
300 _axv, 679p.
_c23cm(Hb)
500 _aIncludes bibliographical references
650 _aEconomics
_990177
650 _z India
_aDevelopment policies
_990178
700 _aSundharam, K.P.M.
_96786
942 _2ddc
_cEN
_h338.954
_mDAT
999 _c125353
_d125353